000 00908nam a2200229 a 4500
001 BRCA_3998
005 20190320204516.0
008 160110s2010----sp-a######---#000-0#spa-#
041 _aspa
044 _asp
050 4 _aNK4320
_p.C65 2010
100 1 _aColl Conesa, Jaime
_910399
245 1 0 _aPléyade Keramos
_bdos culturas, dos maestros y su legado
_ctextos Jaime Coll Conesa, Rosa Ulpiano ; traducciones Forum Villaba.
260 _aValencia, España
_bMuseo Nacional de Cerámica y Artes Suntuarias Gonzáles Martí
_c2010
300 _a58 p.
_bil. (algunas a color )
_c21 cm.
500 _aCatálogo de exposición realizada en el Museo Nacional de Cerámica Y Artes Suntuarias Gonzáles Martí (Valencia, España)
650 1 4 _aCerámica española
_91422
650 1 4 _aCerámica japonesa
_91955
700 1 _aUlpiano, Rosa
_ecoau.
_910400
700 1 _aVillaba, Forum
_etr.
_910401
942 _2lcc
_cB
999 _c3724
_d3724